Khutbat e Iqbal Tafqeer e deeni per tajdeed e nazar Alama Iqbal/ (Record no. 613188)

000 -LEADER
fixed length control field 00510nam a22001337a 4500
082 ## - DEWEY DECIMAL CLASSIFICATION NUMBER
Classification number 181.0
Author Mark SAM
245 ## - TITLE STATEMENT
Title Khutbat e Iqbal Tafqeer e deeni per tajdeed e nazar Alama Iqbal/
Remainder of title By: Dr.Muhammad Sami Ul Haq
260 ## - PUBLICATION, DISTRIBUTION, ETC.
Place of publication, distribution, etc. لاہور:
Name of publisher, distributor, etc. مکتبہ جمال,
Date of publication, distribution, etc. 2016
300 ## - PHYSICAL DESCRIPTION
Extent 200p.;
563 ## - BINDING INFORMATION
Binding note HB
880 ## - ALTERNATE GRAPHIC REPRESENTATION
Linkage 100-01\r
Title ڈاکٹر محمد سمیع الحق
880 ## - ALTERNATE GRAPHIC REPRESENTATION
Linkage 245-02\r
Title خطباتِ اقبال: تفکر دینی پر تجدیدِ نظر - علامہ محمد اقبال
942 ## - ADDED ENTRY ELEMENTS (KOHA)
Source of classification or shelving scheme
Koha item type Book
Holdings
Withdrawn status Lost status Source of classification or shelving scheme Damaged status Not for loan Permanent Location Current Location Date acquired Source of acquisition Total Checkouts Full call number Barcode Date last seen Date last checked out Price effective from Koha item type
          Central Library (CL) Central Library (CL) 03/04/2025 Donation 2 181.0 SAM CL-D-2733 02/12/2026 07/10/2025 03/04/2025 Book
© 2023 Central Library, National University of Sciences and Technology. All Rights Reserved.